| 000 | 00505nam a2200181Ia 4500 | ||
|---|---|---|---|
| 008 | 170510s9999 xx 000 0 und d | ||
| 100 | _aVít Šisler | ||
| 245 | _aProcedural religion: Methodological reflections on studying religion in video games | ||
| 245 | _cVít Šisler | ||
| 260 | _bSAGE | ||
| 260 | _c2017 | ||
| 300 | _apages 126-141,January | ||
| 440 |
_aNew Media & Society _v19:1 |
||
| 650 | _aAnalysis | ||
| 650 | _aMethodology | ||
| 650 | _aPetri Net | ||
| 650 | _aProcedural rhetoric | ||
| 999 |
_c329849 _d329849 |
||